| 000 | 00852nam a22002777a 4500 | ||
|---|---|---|---|
| 001 | 4480 | ||
| 003 | FISKH | ||
| 005 | 20240911163926.0 | ||
| 008 | 240911b cb ||||| |||| 00| 0 eng d | ||
| 020 | _a9780679873648 | ||
| 040 |
_aFISKH _beng _cFISKH _dFISKH |
||
| 050 | _aPZ7.F22275 | ||
| 082 | _a813.5 | ||
| 100 | _aFarber, Erica | ||
| 245 |
_aPirate Soup / _cWritten by Erica Farber and J.R . Sansevere |
||
| 260 |
_aNew York : _bRandom House ; _c1996. |
||
| 300 |
_a22 unnumbered pages : _bcolor illustrations ; _c21 cm . |
||
| 490 | _aCritters of the Night | ||
| 505 | _aH | ||
| 520 | _a A young child gives advice on what to do if a pirate ship appears outside your window. | ||
| 521 | 8 |
_a430
_bLexile estimate |
|
| 521 | 8 |
_aH
_bRaz-Plus |
|
| 650 |
_apirates _vchildren book |
||
| 942 |
_2ddc _cBK _n0 |
||
| 999 |
_c4480 _d4480 |
||